| 000 | 00684nam a2200205 a 4500 | ||
|---|---|---|---|
| 005 | 20240614063735.0 | ||
| 008 | 991125s1970 ea 000 0 eng u | ||
| 020 | _a0435295721 | ||
| 035 | _aUPN01000040058 | ||
| 049 | _aCG | ||
| 050 | 4 |
_aPE1127 L6 _bM3.4 |
|
| 100 | 1 |
_aMaugham, William Somerset, _d1874-1965 _927917 |
|
| 245 | 1 | 4 |
_aThe moon and sixpence / _cW. Somerset Maugham student's ; ed. with an introduction an notes by Keith Nettle. |
| 260 |
_aLondon : _bHeinemann Educational Books, _c1970. |
||
| 300 | _a224 p. | ||
| 440 | 0 | _aModern english-language texts | |
| 650 | 4 |
_aInglés _vLibros de texto para extranjeros _99168 |
|
| 700 | 1 |
_aNettle, Keith, _eed. |
|
| 905 | _aLibro | ||
| 999 |
_c40058 _d40058 |
||